<?xml version="1.0" encoding="UTF-8"?>
<record
    xmlns:xsi="http://www.w3.org/2001/XMLSchema-instance"
    xsi:schemaLocation="http://www.loc.gov/MARC21/slim http://www.loc.gov/standards/marcxml/schema/MARC21slim.xsd"
    xmlns="http://www.loc.gov/MARC21/slim">

  <leader>01304nam a22002297a 4500</leader>
  <controlfield tag="008">250618b        |||||||| |||| 00| 0 eng d</controlfield>
  <datafield tag="020" ind1=" " ind2=" ">
    <subfield code="a">9782759055227</subfield>
  </datafield>
  <datafield tag="040" ind1=" " ind2=" ">
    <subfield code="c">tbs</subfield>
  </datafield>
  <datafield tag="041" ind1=" " ind2=" ">
    <subfield code="a">fre</subfield>
  </datafield>
  <datafield tag="100" ind1=" " ind2=" ">
    <subfield code="a">Attelan, Franck</subfield>
    <subfield code="9">25501</subfield>
    <subfield code="e">author</subfield>
  </datafield>
  <datafield tag="245" ind1=" " ind2=" ">
    <subfield code="a">La bible du Tage Mage</subfield>
    <subfield code="c">/ Franck Attelan</subfield>
  </datafield>
  <datafield tag="250" ind1=" " ind2=" ">
    <subfield code="a">15th edition.</subfield>
  </datafield>
  <datafield tag="260" ind1=" " ind2=" ">
    <subfield code="a">Levallois-Perret Cedex,</subfield>
    <subfield code="b">Groupe Studyrama,</subfield>
    <subfield code="c">2024.</subfield>
  </datafield>
  <datafield tag="300" ind1=" " ind2=" ">
    <subfield code="a">1413 pages,</subfield>
    <subfield code="b">illustrations ;</subfield>
    <subfield code="c">24 cm.</subfield>
  </datafield>
  <datafield tag="490" ind1=" " ind2=" ">
    <subfield code="a">Collection le choix du succ&#xE8;s</subfield>
  </datafield>
  <datafield tag="520" ind1=" " ind2=" ">
    <subfield code="a">Num&#xE9;ro 1 des ventes, la Bible du Tage Mage est l'ouvrage indispensable pour vous pr&#xE9;parer au Tage Mage. 

La Bible du Tage Mage&#xAE; est l&#x2019;ouvrage de r&#xE9;f&#xE9;rence qui vous accompagnera tout au long de votre pr&#xE9;paration au Tage Mage&#xAE;. Vous y trouverez 15 tests blancs complets. Au total : plus de 2 500 questions et applications-cl&#xE9;s... De quoi progresser rapidement dans chacune des 6 &#xE9;preuves du Tage Mage&#xAE; et esp&#xE9;rer ainsi terminer parmi les premiers !</subfield>
  </datafield>
  <datafield tag="650" ind1=" " ind2="0">
    <subfield code="a">TAGE MAGE (Test d'aptitude aux &#xE9;tudes de gestion)</subfield>
    <subfield code="9">25502</subfield>
  </datafield>
  <datafield tag="650" ind1=" " ind2="0">
    <subfield code="a">French Selection test for Higher Education in Management Studies</subfield>
    <subfield code="9">25503</subfield>
  </datafield>
  <datafield tag="655" ind1=" " ind2="0">
    <subfield code="a">Handbook: Preparation for the TAGE MAGE</subfield>
    <subfield code="9">25504</subfield>
  </datafield>
  <datafield tag="655" ind1=" " ind2="0">
    <subfield code="a">Level range: C1 - C2</subfield>
    <subfield code="x">Common European Framework of Reference for Languages (CEFR)</subfield>
    <subfield code="9">25505</subfield>
  </datafield>
  <datafield tag="942" ind1=" " ind2=" ">
    <subfield code="2">lcc</subfield>
  </datafield>
  <datafield tag="952" ind1=" " ind2=" ">
    <subfield code="0">0</subfield>
    <subfield code="1">0</subfield>
    <subfield code="2">lcc</subfield>
    <subfield code="4">0</subfield>
    <subfield code="7">0</subfield>
    <subfield code="a">TBS</subfield>
    <subfield code="b">TBS</subfield>
    <subfield code="d">2025-06-18</subfield>
    <subfield code="l">3</subfield>
    <subfield code="m">1</subfield>
    <subfield code="o">P-TAGE MAGE</subfield>
    <subfield code="p">B07569</subfield>
    <subfield code="r">2026-02-11</subfield>
    <subfield code="s">2026-02-11</subfield>
    <subfield code="t">2</subfield>
    <subfield code="w">2025-06-18</subfield>
    <subfield code="y">TEST</subfield>
  </datafield>
  <datafield tag="952" ind1=" " ind2=" ">
    <subfield code="0">0</subfield>
    <subfield code="1">0</subfield>
    <subfield code="2">lcc</subfield>
    <subfield code="4">0</subfield>
    <subfield code="7">0</subfield>
    <subfield code="a">TBS</subfield>
    <subfield code="b">TBS</subfield>
    <subfield code="d">2025-06-18</subfield>
    <subfield code="l">3</subfield>
    <subfield code="o">P-TAGE MAGE</subfield>
    <subfield code="p">B07538</subfield>
    <subfield code="r">2026-01-14</subfield>
    <subfield code="s">2026-01-14</subfield>
    <subfield code="t">1</subfield>
    <subfield code="w">2025-06-18</subfield>
    <subfield code="y">TEST</subfield>
  </datafield>
  <datafield tag="999" ind1=" " ind2=" ">
    <subfield code="c">4763</subfield>
    <subfield code="d">4763</subfield>
  </datafield>
</record>
